| 000 | 00320nam a2200121Ia 4500 | ||
|---|---|---|---|
| 008 | 230907s9999||||xx |||||||||||||| ||und|| | ||
| 082 |
_a658.7 _bWIS |
||
| 100 |
_aWisner, Joel D. _985994 |
||
| 245 | 0 | _aProcess management : | |
| 260 |
_aThomson South-Western, _bMason, OH : _c2008 |
||
| 300 | _axxi, 650 p. : | ||
| 942 | _cBK | ||
| 999 |
_c600637 _d600637 |
||